Taxmann's SEBI practice manual / (Record no. 136922)

MARC details
000 -LEADER
fixed length control field 00695nam a22002177a 4500
010 ## - LIBRARY OF CONGRESS CONTROL NUMBER
LC control number A-999998
020 ## - INTERNATIONAL STANDARD BOOK NUMBER
International Standard Book Number 8174961690
Terms of availability 725.00
035 ## - SYSTEM CONTROL NUMBER
System control number A-999998
037 ## - SOURCE OF ACQUISITION
Source of stock number/acquisition Cen Lib / Ret
040 ## - CATALOGING SOURCE
Original cataloging agency DPL
Language of cataloging EN
082 ## - DEWEY DECIMAL CLASSIFICATION NUMBER
Classification number 332.64254
Item number IYE
100 ## - MAIN ENTRY--PERSONAL NAME
Personal name Iyer, V. L.
245 ## - TITLE STATEMENT
Title Taxmann's SEBI practice manual /
Statement of responsibility, etc by V. L. Iyer
260 ## - PUBLICATION, DISTRIBUTION, ETC. (IMPRINT)
Place of publication, distribution, etc Delhi
Name of publisher, distributor, etc Taxmann Allied Services
Date of publication, distribution, etc 1999
270 ## - ADDRESS
Address 59/32 New Rohtak road
City New Delhi
300 ## - PHYSICAL DESCRIPTION
Extent 1055p
Dimensions 24cm(Hb)
650 ## - SUBJECT ADDED ENTRY--TOPICAL TERM
Topical term or geographic name as entry element Securities -- India.
650 ## - SUBJECT ADDED ENTRY--TOPICAL TERM
Topical term or geographic name as entry element Capital market -- Law and legislation -- India.
650 ## - SUBJECT ADDED ENTRY--TOPICAL TERM
Topical term or geographic name as entry element Securities and Exchange Board of India -- Rules and practice.
942 ## - ADDED ENTRY ELEMENTS (KOHA)
Source of classification or shelving scheme Dewey Decimal Classification
Koha item type English Books
Classification part 332.64254
Call number suffix AYE
Holdings
Withdrawn status Lost status Damaged status Not for loan Home library Current library Date acquired Source of acquisition Cost, normal purchase price Total Checkouts Full call number Barcode Date last seen Copy number Cost, replacement price Price effective from Koha item type
        Central Library Central Library 11/03/2016 Cen Lib/Ret 750.00   332.64254 IYE A-999998 11/03/2016 1 750.00 11/03/2016 English Books

© Delhi Public Library
Hit Counter
free hit counter